Jadrová energetika

Bibliographic Details
Main Authors: Brestovič, Tomáš, 1982- (Author), Jasminská, Natália, 1983- (Author), Fedorko, Ľuboš (Author)
Format: Book
Language:Slovak
PhysicalDescription:433 s. fareb. fotogr. a ilustr., grafy, mp., sch., tab. 24 cm
Published: Košice Strojnícka fakulta Technickej univerzity 2013
ISBN:9788055315768
Edition:1. vyd.
Series:Edícia vedeckej a odbornej literatúry
Subjects:

MARC

LEADER 00000nam a2200000 a 4500
001 vtls010596507
003 SK-MaSNL
005 20260301133751.0
008 240315s2013 xo odabe n 000 0 slo
015 |a SNBA2014/08 
020 |a 9788055315768  |q (viaz.) 
035 |a 63307932-9B99-4A52-BADB-6FEB672E6ABA 
035 |a urn:nbn:sk:snk-amkck2 
035 |a urn:nbn:sk:snk-am008etj 
040 |a SNK  |b slo  |c SNK  |e AACR2 
041 0 |a slo 
044 |a xo  |c SK 
072 7 |a 620.9  |x Energetika  |2 konspekt 
080 |a 620.9:621.039  |2 2001 
080 |a (075.8)  |2 2001 
100 1 |a Brestovič, Tomáš,  |d 1982-  |4 aut  |9 192957 
245 1 0 |a Jadrová energetika  |c Tomáš Brestovič, Natália Jasminská, Ľuboš Fedorko 
250 |a 1. vyd. 
260 |a Košice  |b Strojnícka fakulta Technickej univerzity  |c 2013 
300 |a 433 s.  |b fareb. fotogr. a ilustr., grafy, mp., sch., tab.  |c 24 cm 
366 |e 50 výt. 
490 1 |a Edícia vedeckej a odbornej literatúry 
504 |a Bibliogr.: s. 416-431 ; zoz. skrat. 
650 0 7 |a jadrová energetika  |2 SNKPH  |9 59350 
650 0 7 |a Nuclear energy industry  |2 SNKPHeng  |9 295637 
655 7 |a učebnice vysokých škôl  |2 SNKPH  |9 70191 
655 7 |a Textbooks (higher)  |2 SNKPHeng  |9 276436 
700 1 |a Jasminská, Natália,  |d 1983-  |4 aut  |9 172418 
700 1 |a Fedorko, Ľuboš  |4 aut  |9 486704 
710 2 |a Technická univerzita v Košiciach.  |b Strojnícka fakulta  |4 pbl  |9 178287 
810 2 |a Technická univerzita v Košiciach.  |b Strojnícka fakulta  |t Edícia vedeckej a odbornej literatúry  |9 176109 
830 0 |a Edícia vedeckej a odbornej literatúry  |9 300082 
919 |a 978-80-553-1576-8 
958 |a NB 
999 |c 754686  |d 756616 
952 |a SNK  |b SNK  |y PREZ  |7 0  |p 17A1110361  |o snkSC 159523  |i snk2014/11399  |8 0  |0 0  |1 0  |4 0  |d 2014-05-14  |f 1  |l 0  |r 2025-08-21 00:00:00  |w 2026-02-23 
952 |a SNK  |b SNK  |y VYP  |7 0  |p 17A1110405  |o snkSC 159523 D1  |i snk2014/11400  |8 0  |0 0  |1 0  |4 0  |d 2014-05-14  |l 0  |r 2026-02-23 23:45:18  |w 2026-02-23